Ultimate Call of Duty Maps - Statistics

General Stats
  • This quiz has been taken 186 times
  • The average score is 51 of 228
Answer Stats
Game Map % Correct
BLOPS1 | BLOPS2 | BLOPS3 Nuketown
80%
MW2 Rust
76%
MW2 Terminal
69%
COD4 Shipment
67%
AW | BLOPS1 Firing Range
63%
COD5 | MW3 Dome
61%
MW2 Highrise
61%
COD4 | MW2 Crash
58%
GHOST | MW2 Favela
52%
BLOPS2 Raid
49%
BLOPS1 Summit
49%
BLOPS2 Hijack
48%
BLOPS1 Jungle
46%
BLOPS1 Villa
45%
COD4 Bog
44%
BLOPS1 Array
43%
MW2 Afghan
42%
BLOPS2 Standoff
42%
BLOPS2 Slums
41%
MW2 Wasteland
40%
BLOPS2 Carrier
39%
MW2 Derail
39%
MW2 Estate
39%
BLOPS1 Havana
38%
COD4 | MW2 Overgrown
38%
BLOPS1 WMD
38%
BLOPS1 Launch
37%
COD4 | MW2 Vacant
37%
MW2 Scrapyard
36%
COD4 | MW2 Strike
36%
MW2 Underpass
36%
COD4 Bloc
35%
COD5 Castle
35%
MW2 Karachi
35%
MW2 Skidrow
35%
BLOPS2 Cargo
34%
BLOPS2 Drone
33%
BLOPS1 Hanoi
33%
BLOPS2 Plaza
33%
MW2 Sub Base
33%
COD4 Wetwork
33%
BLOPS2 Express
32%
MW3 Hardhat
32%
BLOPS2 Meltdown
32%
MW2 Quarry
32%
MW3 Resistance
32%
MW2 Rundown
32%
BLOPS2 Yemen
32%
BLOPS2 Aftermath
31%
COD4 Backlot
31%
COD4 Crossfire
31%
MW2 Invasion
31%
BLOPS2 Studio
31%
BLOPS1 Grid
30%
MW3 Underground
30%
MW3 Village
30%
MW3 Arkaden
29%
COD4 Chinatown
28%
COD4 Downpour
28%
BLOPS1 Radiation
28%
MW3 Seatown
28%
COD4 Ambush
27%
MW3 Downturn
27%
BLOPS2 Grind
27%
COD4 Pipeline
27%
BLOPS3 Redwood
27%
BLOPS3 Fringe
26%
GHOST Stonehaven
26%
MW2 Carnival
25%
BLOPS1 Cracked
25%
COD4 Broadcast
24%
COD4 Killhouse
24%
MW3 Mission
24%
GHOST Octane
24%
BLOPS1 Stadium
24%
BLOPS2 Turbine
24%
BLOPS3 Combine
23%
BLOPS1 Crisis
23%
COD5 Makin
23%
BLOPS1 Berlin Wall
22%
BLOPS3 Hunted
22%
MW3 Interchange
22%
GHOST Strikezone
22%
MW3 Bakaara
21%
MW3 Bootleg
21%
MW3 Outpost
21%
COD4 Showdown
21%
COD5 Airfield
20%
AW Detroit
20%
BLOPS1 Hotel
20%
MW3 Lockdown
20%
GHOST Prison Break
20%
BLOPS1 Silo
20%
GHOST Warhawk
20%
BLOPS1 Zoo
20%
COD5 Asylum
19%
BLOPS3 | COD5 Breach
19%
COD5 Downfall
19%
MW2 Fuel
19%
COD5 Hanger
19%
BLOPS2 Hydro
19%
BLOPS2 Rush
19%
BLOPS2 Takeoff
19%
BLOPS3 Aquarium
18%
COD5 Cliffside
18%
COD4 Countdown
18%
BLOPS2 Cove
18%
COD4 Creek
18%
COD5 Makin Day
18%
MW3 Carbon
17%
COD5 Courtyard
17%
BLOPS2 Dig
17%
BLOPS3 Evac
17%
MW3 Fallen
17%
BLOPS1 Kowloon
17%
BLOPS3 Metro
17%
BLOPS2 Overflow
17%
BLOPS2 Pod
17%
AW Riot
17%
AW Solar
17%
MW2 Storm
17%
BLOPS3 Stronghold
17%
MW2 Bailout
16%
AW Bio Lab
16%
COD4 District
16%
GHOST Free Fall
16%
BLOPS2 Frost
16%
COD5 Roundhouse
16%
BLOPS2 Uplink
16%
COD5 Banzai
15%
GHOST Chasm
15%
GHOST Freight
15%
COD5 Outskirts
15%
COD5 Seelow
15%
MW2 Trailer Park
15%
AW Comeback
14%
BLOPS2 Detour
14%
BLOPS3 Exodus
14%
GHOST Flooded
14%
BLOPS3 Infection
14%
BLOPS2 Magma
14%
AW Terrace
14%
COD5 Battery
13%
BLOPS2 Encore
13%
BLOPS1 Hazard
13%
COD5 Sub Pens
13%
BLOPS2 Vertigo
13%
BLOPS1 Convoy
12%
BLOPS2 Downhill
12%
BLOPS2 Mirage
12%
COD5 Nightfire
12%
MW3 Overwatch
12%
AW Defender
11%
BLOPS1 Drive In
11%
MW3 Erosion
11%
BLOPS3 Havoc
11%
MW3 Piazza
11%
AW Retreat
11%
AW Skyrise
11%
COD5 Station
11%
BLOPS1 Stockpile
11%
GHOST Tremor
11%
GHOST Whiteout
11%
MW3 Aground
10%
AW Atlas Gorge
10%
AW Instinct
10%
AW Recovery
10%
BLOPS1 Discovery
9%
GHOST Fog
9%
AW Greenband
9%
COD5 Kneedeep
9%
MW3 Oasis
9%
COD5 Upheaval
9%
AW Ascend
8%
GHOST Bayview
8%
MW3 Blackbox
8%
COD5 Corrosion
8%
AW Horizon
8%
MW3 Liberation
8%
GHOST Overlord
8%
COD5 Revolution
8%
GHOST Ruins
8%
MW2 Salvage
8%
MW3 Sanctuary
8%
GHOST Containment
7%
MW3 Foundation
7%
GHOST Behemoth
6%
GHOST Ignition
6%
GHOST Showtime
6%
GHOST Soverign
6%
GHOST Collision
5%
AW Compound
5%
GHOST Dynasty
5%
BLOPS1 Hanger 18
5%
AW Overload
5%
GHOST Stormfront
5%
GHOST Unearthed
5%
BLOPS3 Blackout
4%
GHOST Departed
4%
GHOST Goldrush
4%
GHOST Mutiny
4%
GHOST Pharaoh
4%
GHOST Seige
4%
GHOST Subzero
4%
AW Urban
4%
AW Chopshop
3%
AW Core
3%
AW Kremlin
3%
AW Quarantine
3%
AW Sideshow
3%
AW Site 244
3%
AW Swarm
3%
BLOPS3 Alpha
2%
AW Drift
2%
AW Fracture
2%
AW Perplex
2%
AW Parliment
1%
AW Cimate
0%
No matching quizzes found
Score Distribution
Percent of People with Each Score
Percentile by Number Answered
Your Score History
You have not taken this quiz